00418nam a2200181Ia 4500003000400000005001700004008004100021020001800062040000700080041000800087082001500095100001800110245002700128260004000155300001600195365001300211650001200224OSt20230503152040.0210423s2003 xx 000 0 und d a9788173194726 cAL aeng a574.3 TWYR aTWYMAN (R M). aDevelopmental biology. aNew DelhibViva Books Pvt Ltdc2003 axii,660bPB b195cINR aBiology